A Nemzeti Eszközkezelő program bevezetése és működése

Bibliographic Details
Main Author: Wernitzer Szintia
Other Authors: Ferkelt Dr. Balázs
Format: Final Paper
Kulcsszavak:FOSZK záródolgozat
Online Access:http://dolgozattar.uni-bge.hu/5200

MARC

LEADER 00000nta a2200000 i 4500
001 dolg5200
005 20160429104534.0
008 160429suuuu hu o 000 hun d
040 |a BGE Dolgozattár Repozitórium  |b hun 
041 |a hu 
100 1 |a Wernitzer Szintia 
245 1 2 |a A Nemzeti Eszközkezelő program bevezetése és működése  |c Wernitzer Szintia  |h [elektronikus dokumentum] 
516 |a Final_paper 
695 |a FOSZK záródolgozat 
700 1 |a Ferkelt Dr. Balázs  |e ths 
856 4 0 |u http://dolgozattar.uni-bge.hu/5200/1/wernitzer%20szintia%20z%C3%A1r%C3%B3dolgozat%202016.pdf  |z Dokumentum-elérés